Fiche brevet/bac - Genres littéraires - Statistiques

Statistiques générales
  • Ce quiz a été pris 279 fois
    256 depuis la dernière actualisation
  • Le résultat moyen est 3 sur 5
Statistiques - réponses
Description du genre Genre littéraire % Correct
Texte écrit en prose dont les mots et les vers formant des mélodies grâce au rythme, à l’harmonie et aux figures de styles faisant appel à l’imagination. Il s’agit d’éveiller tous les sens grâce aux rimes et au nombre de syllabes utilisées. Poésie
94%
Ce genre est caractérisé par le fait que l’histoire est destinée à être jouée par des acteurs. Le texte est donc écrit sous forme de dialogues entre différents personnages. Théâtre
89%
Il fait référence aux échanges entre deux personnes ; d’un côté le destinataire, de l’autre le destinateur. Ces textes sont souvent fait de confidences et de sentiments personnels révélés à la personne qui lit le texte. C’est par exemple le cas pour les lettres. Épistolaire
33%
Il peut prendre la forme d’un discours ou encore d’un essai. Loin de l’idée de raconter une histoire, ce type de texte vise à persuader ou à convaincre son lectorat. Argumentatif
20%
Ensemble de textes racontant une histoire fictive ou réelle et rapportée par un narrateur. Celui-ci peut être omniscient, interne ou externe. Narratif
18%
Aucun quiz correspondant
Distribution des résultats
% des personnes avec chaque résultat
Percentile par nombre de réponses
Votre historique - résultats
Vous n’avez pas pris ce quiz depuis la dernière actualisation